Costa Rica en cifras. Segunda parte
Збережено в:
| Формат: | Текст |
|---|---|
| Теги: |
Додати тег
Немає тегів, Будьте першим, хто поставить тег для цього запису!
|
MARC
| LEADER | 00000 a a2200000 04500 | ||
|---|---|---|---|
| 001 | 2998 | ||
| 003 | |||
| 040 | |||
| 245 | |a Costa Rica en cifras. Segunda parte | ||
| 773 | |g volumen 18, número 1; páginas 207-233 | ||
| 999 | |c 27322 |d 27322 | ||
